000 00247 a2200109 4500
001 31433
090 _c21317
_d21317
100 _aHolzner, Stevan
245 _aVisual Basic six Programming Black Book
260 _aNew Delhi
_bDream Tech
505 _aCD/DVD
942 _aNUST-CAE
999 _c266506
_d266506